महाराज सचित्र शिवचरित्र. (Record no. 697971)

MARC details
000 -LEADER
fixed length control field 00743nam a2200181Ia 4500
008 - FIXED-LENGTH DATA ELEMENTS--GENERAL INFORMATION
fixed length control field 100920s9999 xx 000 0 und d
082 ## - DEWEY DECIMAL CLASSIFICATION NUMBER
Item number 52679
Classification number 27 थ 74
100 ## - MAIN ENTRY--PERSONAL NAME
Personal name पुरंदरे बाबासाहेब.
245 ## - TITLE STATEMENT
Title महाराज सचित्र शिवचरित्र.
260 ## - PUBLICATION, DISTRIBUTION, ETC. (IMPRINT)
Name of publisher, distributor, etc महाराजा शिवछत्रपति प्रतिष्ठान सातारा.
Date of publication, distribution, etc 1974
300 ## - PHYSICAL DESCRIPTION
Extent 152
Other physical details साधी
365 ## - TRADE PRICE
Price amount 20
520 ## - SUMMARY, ETC.
Summary, etc शिवग्रंथ.
630 ## - SUBJECT ADDED ENTRY--UNIFORM TITLE
Uniform title महाराज सचित्र शिवचरित्र.
650 ## - SUBJECT ADDED ENTRY--TOPICAL TERM
Topical term or geographic name as entry element शिवग्रंथ.
730 ## - ADDED ENTRY--UNIFORM TITLE
Uniform title महाराज सचित्र शिवचरित्र.
942 ## - ADDED ENTRY ELEMENTS (KOHA)
Koha item type Book
Holdings
Withdrawn status Lost status Damaged status Not for loan Home library Current library Shelving location Date acquired Cost, normal purchase price Total Checkouts Barcode Date last seen Price effective from Koha item type Public note
        Shri Chhatrapati Pratapsinh Maharaj ( Thorle) Nagar Vachanalaya, Satara Shri Chhatrapati Pratapsinh Maharaj ( Thorle) Nagar Vachanalaya, Satara     20.00   SATVAC-52679 09/20/2010 09/20/2010 Book देवघेव